which pop musician is it? - Statistics

General Stats
  • This quiz has been taken 969 times
  • The average score is 12 of 18
Answer Stats
Hint Answer % Correct
"blank space", "shake it off", "love story" Taylor Swift
97%
"this is how we do", "firework", "part of me" Katy Perry
95%
"uptown funk", "marry you", "gorilla" Bruno Mars
94%
"Poker face", "bad romance", "applause" Lady gaga
94%
"radioactive", "demons", "monster" Imagine dragons
82%
"S&M", "we found love", "stay" Rihanna
79%
"just give me a reason", "try", "sober" pink
76%
"I know I'm not the only one", "Stay with me", "Lay me down" Sam smith
74%
"animals", "maps", "misery" maroon5
73%
"starships", "super bass", "only" Nicki Minaj
65%
"the way", "love me harder", "baby I" Ariana Grande
58%
"trumpets", "In my head", "It girl" Jason DeRulo
58%
"Beg for it", "Fancy", "Black Widow Iggy Azalea
57%
"all about that bass", "title", "lips are movin" Megan Trainer
57%
"come and get it", "a year without rain", "naturally" Selena Gomez
57%
"Fireball", "wild, wild love", "Rain over me" Pitbull
48%
"immortals", "centuries", "alone together" Fall out boy
46%
"feel so close", "let's go", "I need your love" Calvin Harris
38%
No matching quizzes found
Score Distribution
Percent of People with Each Score
Percentile by Number Answered
Your Score History
You have not taken this quiz